000 00827nas a2200265 4500
001 BR0201443
003 BR-BrBNA
005 20231205102812.0
007 ta
008 230509b bl.|||p| |||| 00| 00por d
040 _aBR-BrBNA
_bpor
_cBiblioteca Nacional de Agricultura
041 _a(Pt)
072 _aL53
100 1 _aMatos, E.
100 1 _aSantos, M.N.S.
100 1 _aCorral, L.
100 1 _aAzevedo, C.
245 1 _aUltra-estrutura do espermatozóide de Ocypode quadrata Fabricius, 1787 (Crustacea, Ocypodidae)do litoral norte do Brasil
650 _aCARANGUEJO
650 _aESPERMATOZÓIDE
650 _aNORTE
773 0 _tRevista de Ciências Agrárias (Brazil)
_xISSN 1517-591X
_g(Jul-Dec 2001), (no. 36) p. 131-135
_wBR0201443
909 _a202311
_bLúcia
_c55
_dLúcia Elande
942 _2AGRIS
_n0
_cANA
999 _c169405
_d169405